| 000 | 00712nam a2200241 a 4500 | ||
|---|---|---|---|
| 005 | 20240924065916.0 | ||
| 008 | 991125s1996 mx 000 0 spa u | ||
| 020 | _a9682319951 | ||
| 035 | _aUPN01000020545 | ||
| 049 | _aCG | ||
| 050 | 4 |
_aRC473 G7 _bC6.5 |
|
| 245 | 0 | 0 |
_aEscritura y psicoanálisis / _cvol. a cargo de Helí Morales Ascencio ; por Daniel Gerber... [et al.] |
| 260 |
_aMéxico : _bSiglo XXI, _c1996. |
||
| 300 | _a198 p. | ||
| 440 | 0 | _aPsicología y psicoanálisis | |
| 520 | _a"Coloquios de la Fundación" | ||
| 650 | 4 |
_aEscritura _913353 |
|
| 650 | 4 |
_aGRAFOLOGIA _98932 |
|
| 650 | 4 |
_aPsicoanálisis _91572 |
|
| 700 | 1 |
_aGerber, Daniel, _ecoaut. _942226 |
|
| 902 | _aCAV | ||
| 905 | _aLibro | ||
| 999 |
_c20545 _d20545 |
||